000 00548nam a22001697a 4500
003 OSt
005 20260116104328.0
008 260116b |||||||| |||| 00| 0 eng d
040 _cMRSPTU
041 _aENG
100 _aSukhbir Kaur, Supervisor: Dr. Paramjeet Singh
245 _aAdvanced Lossless Text Compression System Based on Dynamic Nibble Reduction Algorithm
260 _bDepartment of CSE, MRSPTU, Bathinda
_c2018
650 _aComputer Science
856 _uhttp://163.47.215.52:8080/jspui/handle/123456789/360
942 _2ddc
_cTH
_n0
999 _c10666
_d10666